45 Largest Settlements on The Island Of Ireland - Statistics

General Stats
  • This quiz has been taken 35 times
  • The average score is 27 of 45
Answer Stats
Answer % Correct
1,173,179 Dublin
100%
483,418 Belfast
95%
208,669 Cork
95%
20,188 Wexford
95%
79,934 Galway
89%
93,512 Londonderry/Derry
89%
53,504 Waterford
89%
94,192 Limerick
84%
39,904 Dundalk
79%
26,512 Kilkenny
79%
19,199 Sligo
79%
14,777 Armagh
74%
61,011 Bangor
68%
32,600 Bray
68%
40,956 Drogheda
68%
25,276 Ennis
68%
45,370 Lisburn
68%
26,967 Newry
68%
39,248 Swords
68%
21,349 Athlone
63%
19,274 Letterkenny
63%
29,551 Ballymena
58%
24,634 Coleraine
58%
21,393 Naas
58%
19,659 Omagh
58%
22,100 Portadown
58%
22,050 Portlaoise
58%
24,272 Carlow
53%
17,140 Clonmel
47%
18,755 Larne
47%
16,550 Malahide
47%
20,928 Mullingar
47%
22,742 Newbridge
47%
23,691 Tralee
47%
21,722 Balbriggan
42%
15,504 Leixlip
42%
16,637 Banbridge
37%
27,998 Carrickfergus
37%
18,140 Greystones
37%
30,173 Navan
37%
65,646 Newtownabbey
37%
28,050 Newtownards
37%
23,375 Antrim
32%
15,770 Carrigaline
26%
20,288 Celbridge
26%
No matching quizzes found
Score Distribution
Percent of People with Each Score
Percentile by Number Answered
Your Score History
You have not taken this quiz